000 01212nam a22002777a 4500
001 8839
003 FISKH
005 20251022143632.0
008 251022b cb ||||| |||| 00| 0 eng d
020 _a9781618103109
040 _aFISKH
_beng
_cFISKH
_dFISKH
050 _aH8121
082 _a398.8
100 _aHord, Colleen
_eAuthor
245 _aItsy bitsy spider /
_cBy Collen Hord ; Illustrated by Helen Poole
260 _aShenzhen :
_bArtwood Press ,
_c2013
300 _a24 pages :
_bcolor illustrations ;
_c21 cm
505 _aL
520 _aThe 24-page book, Itsy Bitsy Spider, introduces early learners to teacher-focused concepts that will help them gain important reading comprehension and social skills. The vibrant illustrations and engaging leveled text in the Little Birdie Books' Leveled Readers work together to tell fun stories while supporting early readers. Featuring grade-appropriate vocabulary and activities, these books help children develop essential skills for reading proficiency.
521 8 _a520
_bLexile
521 8 _aL
_bRaz-Plus
650 _aPicture book
_vNursery rhymes
700 _aPoole, Helen
_eIllustrator
942 _2ddc
_cBK
_n0
999 _c8839
_d8839